| 000 | 00959nam a2200289 a 4500 | ||
|---|---|---|---|
| 001 | 23329 | ||
| 003 | BD-RjUL | ||
| 005 | 20211209000922.0 | ||
| 008 | 870828r19691959ii b 001 0 eng | ||
| 035 | _a(BD-RjUL)23394 | ||
| 040 |
_aDLC _cDLC _dDLC _beng |
||
| 041 | _aeng | ||
| 082 | 0 | 0 |
_a891.209354 _220 _bDEA 1969 |
| 100 | 1 |
_aDe, Sushil Kumar. _967422 |
|
| 245 | 1 | 0 |
_aAncient Indian erotics and erotic literature / _cSushil Kumar De. |
| 260 |
_aCalcutta : _bFirma K.L. Mukhopadhyay, _c1969. |
||
| 300 |
_a109 p. : _c23 cm. |
||
| 500 | _aReprint. Previously published: Calcutta, 1959. | ||
| 504 | _aIncludes bibliographical references. | ||
| 505 | 0 | _aTreatment of love in Sanskrit literature -- Ancient Indian erotics. | |
| 650 | 0 |
_aSanskrit literature _xHistory and criticism. _967423 |
|
| 650 | 0 |
_aLove in literature. _971874 |
|
| 650 | 0 |
_aSex in literature. _959848 |
|
| 942 |
_2ddc _cBK |
||
| 999 |
_c23329 _d23329 |
||